| 000 | 00956nam a22002537a 4500 | ||
|---|---|---|---|
| 005 | 20110513111732.0 | ||
| 008 | 110513t xxu||||| |||| 00| 0 eng d | ||
| 010 | _aENG-102471 | ||
| 020 |
_a9788183334068 _c135.00 |
||
| 035 | _aEN-86004 | ||
| 037 | _bDBAD/PUB | ||
| 040 |
_adpl _bEng |
||
| 082 | _a005.5 | ||
| 100 |
_925528 _aJain, Satish |
||
| 245 |
_aMicrosoft Office 2010 training guide : _cby Satish Jain, M.Geetha [and] Kratika _bvisual approach to learning Office 2010 package / |
||
| 260 |
_aNew Delhi _bBPB Publications _c2011 |
||
| 270 |
_aB-14, Connaught Place _bNew Delhi _e110001 _k23325760, 43526249 |
||
| 300 |
_axv, 294 p. : _c21cm (pbk) _bill |
||
| 500 | _aIncludes index | ||
| 700 |
_928039 _aGeetha, M. |
||
| 700 |
_aKratika _928082 |
||
| 942 |
_2ddc _cEN _h005.5 _mJAI |
||
| 999 |
_c52426 _d52426 |
||